|
|
|
|
| LEADER |
00000nab a2200000uu 4500 |
| 001 |
vtls011457005 |
| 003 |
SK-MaSNL |
| 005 |
20260303154009.0 |
| 008 |
230222|1973 xo |||||||||||||||||cze| |
| 015 |
|
|
|a SNBRB
|
| 035 |
|
|
|a (urnnbn)urn:nbn:sk:snk:ar-a09sek
|
| 035 |
|
|
|a (uuid)9ed67350-a04f-4568-bcd5-1083e827de3b
|
| 035 |
|
|
|a urn:nbn:sk:snk-abcrp0
|
| 040 |
|
|
|a SNKBUCL
|b slo
|c SNKBUCL
|e AACR2
|
| 041 |
0 |
|
|a cze
|
| 044 |
|
|
|a xo
|c SK
|
| 100 |
1 |
|
|a Krejčí, L.
|4 aut
|9 775831
|
| 245 |
1 |
0 |
|a Experimentální studie přestupu tepla v proudu argonové plazmy
|c L. Krejčí, V. Dolínek
|
| 700 |
1 |
|
|a Dolínek, V.
|4 aut
|9 1171609
|
| 773 |
0 |
|
|t Strojnícky časopis
|g Roč. 24, č. 2-3 (1973), s. 183-197
|
| 958 |
|
|
|a OND
|
| 958 |
|
|
|a EUIPO
|
| 958 |
|
|
|a article16
|
| 999 |
|
|
|c 2031237
|d 2033167
|